[Event "SVK-chT2A 2324"]
[Site "Slovakia"]
[Date "2023.12.02"]
[Round "5.7"]
[White "Mihalik, Anton"]
[Black "Oslej, Marek"]
[Result "1-0"]
[WhiteElo "1912"]
[BlackElo "1579"]
[PlyCount "83"]
[EventDate "2023.10.07"]
[EventType "team-tourn"]
[EventRounds "11"]
[EventCountry "SVK"]
[SourceTitle "EXT 2025"]
[Source "ChessBase"]
[SourceDate "2024.10.14"]
[SourceVersion "1"]
[SourceVersionDate "2024.10.14"]
[SourceQuality "1"]
[WhiteTeam "Piestany Kupele"]
[BlackTeam "Osuske II"]
[WhiteTeamCountry "SVK"]
[BlackTeamCountry "SVK"]

1. c4 e5 2. Nc3 Nf6 3. Nf3 d6 4. g3 Be7 5. Bg2 Nc6 6. 0-0 0-0 7. e3 Be6 8. b3 d5 9. cxd5 Nxd5 10. Bb2 f5 11. d4 e4 12. Ne1 Bg5 13. Nxd5 Bxd5 14. Nc2 a5 15. Qd2 b5 16. Rfc1 b4 17. Bf1 Qd6 18. Ne1 Be7 19. Qc2 Ra7 20. Bc4 Nb8 21. Ng2 c6 22. Nf4 g5 23. Ng2 Qe6 24. Qe2 Rf6 25. Qh5 Rg6 26. h4 Bd8 27. hxg5 Rxg5 28. Qh3 Bc7 29. Nh4 Bxc4 30. bxc4 Rh5 31. Kg2 Bd8 32. d5 Qh6 33. Rh1 Bxh4 34. gxh4 cxd5 35. cxd5 Rd7 36. Be5 Na6 37. Bf4 Qg7+ 38. Kh2 Qb2 39. Rag1+ Kf7 40. Qg3 Rxd5 41. Qg8+ Ke7 42. Rg7+ 1-0

[Event "SVK-chT2A 2324"]
[Site "Slovakia"]
[Date "2023.10.07"]
[Round "1.7"]
[White "Minarik, Jozef"]
[Black "Mihalik, Anton"]
[Result "1-0"]
[WhiteElo "1844"]
[BlackElo "1912"]
[PlyCount "113"]
[EventDate "2023.10.07"]
[EventType "team-tourn"]
[EventRounds "11"]
[EventCountry "SVK"]
[SourceTitle "EXT 2025"]
[Source "ChessBase"]
[SourceDate "2024.10.14"]
[SourceVersion "1"]
[SourceVersionDate "2024.10.14"]
[SourceQuality "1"]
[WhiteTeam "Dunajska Streda II"]
[BlackTeam "Piestany Kupele"]
[WhiteTeamCountry "SVK"]
[BlackTeamCountry "SVK"]

1. e4 c5 2. Nc3 Nc6 3. Bb5 e6 4. Bxc6 bxc6 5. d3 d5 6. Nf3 Bd6 7. 0-0 d4 8. Na4 e5 9. h3 h6 10. Nh2 Nf6 11. f4 0-0 12. fxe5 Bxe5 13. Nf3 Qe7 14. Nxe5 Qxe5 15. Bf4 Qe7 16. Qf3 Nh7 17. Qg3 Qe6 18. Nxc5 Qg6 19. Qxg6 fxg6 20. Nb3 Rd8 21. Be5 Ng5 22. Bxd4 Be6 23. Be3 Nf7 24. Nc5 Bd7 25. Bf4 Be8 26. Rf2 Nd6 27. Bxd6 Rxd6 28. Raf1 Bd7 29. Nxd7 Rxd7 30. Rd2 c5 31. Kf2 Kf7 32. Ke3+ Ke6 33. c3 Rad8 34. Rfd1 g5 35. d4 cxd4+ 36. Rxd4 Rxd4 37. cxd4 Rc8 38. Kd3 Rf8 39. Rc1 Rf2 40. Rc6+ Kd7 41. Rc2 Rf6 42. d5 h5 43. Ke3 g4 44. Rf2 Rg6 45. h4 g3 46. Rf3 Rg4 47. Rf4 Rg6 48. Kd4 Ke7 49. Ke5 Rb6 50. b3 a5 51. Rf3 Rg6 52. Rf5 Rh6 53. Rg5 g6 54. d6+ Kf7 55. Rxg3 Rh8 56. Rf3+ Ke8 57. Rc3 1-0

[Event "SVK-chT3A2 1415"]
[Site "Slovakia"]
[Date "2015.01.11"]
[Round "6.1"]
[White "Mihalik, Anton"]
[Black "Kovarik, Otto"]
[Result "1/2-1/2"]
[WhiteElo "1958"]
[BlackElo "1926"]
[PlyCount "26"]
[EventDate "2014.10.19"]
[EventType "team-tourn"]
[EventRounds "11"]
[EventCountry "SVK"]
[SourceTitle "EXT 2019"]
[Source "ChessBase"]
[SourceDate "2018.10.10"]
[SourceVersion "1"]
[SourceVersionDate "2018.10.10"]
[SourceQuality "1"]

1. c4 e6 2. Nc3 d5 3. cxd5 exd5 4. d4 Nf6 5. Bg5 c6 6. e3 Be7 7. Bd3 Nbd7 8. Nf3 Nf8 9. Ne5 Ne6 10. Bh4 0-0 11. 0-0 Nd7 12. Bxe7 Qxe7 13. Nf3 f5 1/2-1/2

[Event "Piestany op"]
[Site "Piestany"]
[Date "2013.11.23"]
[Round "7"]
[White "Mihalik, Anton"]
[Black "Benkovsky, Peter"]
[Result "1-0"]
[WhiteElo "1942"]
[BlackElo "1683"]
[PlyCount "69"]
[EventDate "2013.11.18"]
[EventType "swiss"]
[EventRounds "7"]
[EventCountry "SVK"]
[SourceTitle "CBM 157 Extra"]
[Source "ChessBase"]
[SourceDate "2013.12.19"]
[SourceVersion "1"]
[SourceVersionDate "2013.12.19"]
[SourceQuality "1"]

1. c4 c5 2. Nc3 Nc6 3. Nf3 Nf6 4. d4 cxd4 5. Nxd4 g6 6. g3 Bg7 7. e3 0-0 8. Bg2 a6 9. 0-0 Qc7 10. b3 d6 11. Bb2 Bd7 12. Rc1 Rac8 13. Nd5 Qd8 14. Nxf6+ Bxf6 15. Nxc6 Bxc6 16. Bxf6 Bxg2 17. Bxe7 Qxe7 18. Kxg2 Rc6 19. Qd5 Rc5 20. Qd3 Rfc8 21. Rcd1 R8c6 22. Rd2 Re5 23. Rfd1 Re6 24. Qe2 Re5 25. Rd5 Re6 26. R1d4 Rc5 27. Qd3 Rc6 28. b4 b6 29. a4 Qc7 30. h4 Kg7 31. h5 b5 32. axb5 axb5 33. Rxb5 Rb6 34. Rdd5 Qb7 35. Qd4+ 1-0